000 00952nam0a22002411 4500
001 rc\4458850
005 20260407065757.0
021 _aRU
_bРг958-62
035 _a(NLR Aleph) 008323234
090 _a8769929
_c8769929
100 _a20130416d1961 |||y0rusy50 ca
101 0 _arus
102 _aRU
105 _ay z |||||
200 1 _aИнструкция по изготовлению керамических связок ТИА-7а-61
_e(Взамен инструкции 1960 г.)
_e[Утв. 22/IV 1961 г.]
_fУпр. металлург. пром-сти. Челяб. электрометаллург. комбинат
210 _aЧелябинск
_cБ. и.
_d1961
215 _a12 с.
_d20
712 0 2 _aЧелябинский электрометаллургический комбинат
_9565010
_3RU\NLR\AUTH\8810033248
801 0 _aRU
_bNLR
_gpsbo
801 1 _aRU
_bELAR
_2rusmarc
852 _aNLR
_j62-4/2888
942 _cBOOK
980 _aNB